[Event "Titled Tuesday intern op 24th Oct Late"]
[Site "Chess.com INT"]
[Date "2023.10.24"]
[Round "1"]
[White "Almedina Ortiz, Edgardo J"]
[Black "Hambleton, Aman"]
[Result "0-1"]
[WhiteElo "2194"]
[BlackElo "2420"]
[PlyCount "104"]
[EventDate "2023.10.24"]
[EventType "swiss (blitz)"]
[EventRounds "11"]
[EventCountry "USA"]
[SourceTitle "Mega2024 Update 01"]
[Source "Chessbase"]
[SourceDate "2023.11.12"]
[SourceVersion "1"]
[SourceVersionDate "2023.11.12"]
[SourceQuality "1"]

1. e4 e5 2. Nf3 Nc6 3. Bc4 Nf6 4. d3 h6 5. 0-0 d6 6. a4 g5 7. a5 a6 8. Nc3 Bg7 9. Nd5 Nxd5 10. Bxd5 g4 11. Ne1 0-0 12. c3 Ne7 13. Bb3 Kh8 14. f4 gxf3 15. Nxf3 f5 16. exf5 Bxf5 17. d4 e4 18. Nh4 Bh7 19. Bf4 Ng6 20. Nxg6+ Bxg6 21. Qg4 Kh7 22. Rae1 d5 23. Qg3 c6 24. Bc7 Qg5 25. Qxg5 hxg5 26. Bd1 Bf5 27. b4 Kg6 28. Bd6 Rfd8 29. Bc5 Be6 30. h3 Rd7 31. Rf2 Rf7 32. Re3 Rxf2 33. Kxf2 Rd8 34. Re2 g4 35. Kg3 gxh3 36. gxh3 Bh6 37. Rg2 Kh7 38. h4 Rg8+ 39. Kh2 Rxg2+ 40. Kxg2 Bd2 41. h5 Bxc3 42. Kf2 Bd2 43. Be2 Kh6 44. Kg3 Bg5 45. Bg4 Bxg4 46. Kxg4 Bf6 47. Bb6 Kh7 48. Bc5 Kg8 49. Kf5 Bg7 50. Kf4 Bh6+ 51. Kg3 Kf7 52. Kf2 Ke6 0-1

[Event "Titled Tuesday intern op 24th Oct Late"]
[Site "Chess.com INT"]
[Date "2023.10.24"]
[Round "11"]
[White "Almedina Ortiz, Edgardo J"]
[Black "Haszon, David"]
[Result "0-1"]
[WhiteElo "2194"]
[BlackElo "2250"]
[PlyCount "56"]
[EventDate "2023.10.24"]
[EventType "swiss (blitz)"]
[EventRounds "11"]
[EventCountry "USA"]
[SourceTitle "Mega2024 Update 01"]
[Source "Chessbase"]
[SourceDate "2023.11.12"]
[SourceVersion "1"]
[SourceVersionDate "2023.11.12"]
[SourceQuality "1"]

1. e4 e5 2. Nf3 Nf6 3. d3 d6 4. g3 g6 5. Bg2 Bg7 6. 0-0 0-0 7. Re1 Nc6 8. c3 Ne8 9. d4 f5 10. Bg5 Qd7 11. exf5 Qxf5 12. dxe5 Nxe5 13. Nxe5 Qxf2+ 14. Kh1 Bxe5 15. Nd2 Be6 16. Nf3 Bh3 17. Bxh3 Qxf3+ 18. Qxf3 Rxf3 19. Bg2 Rf2 20. Bxb7 Rb8 21. Bd5+ Kg7 22. Be3 Rfxb2 23. Bxa7 R8b5 24. c4 Ra5 25. Bd4 Bxd4 26. Rxe8 Rd2 27. Re7+ Kh6 28. Rf1 Raxa2 0-1

[Event "Titled Tuesday intern op 24th Oct Late"]
[Site "Chess.com INT"]
[Date "2023.10.24"]
[Round "2"]
[White "Hoang, Thi Bao Tram"]
[Black "Almedina Ortiz, Edgardo J"]
[Result "1-0"]
[WhiteElo "2244"]
[BlackElo "2194"]
[PlyCount "83"]
[EventDate "2023.10.24"]
[EventType "swiss (blitz)"]
[EventRounds "11"]
[EventCountry "USA"]
[SourceTitle "Mega2024 Update 01"]
[Source "Chessbase"]
[SourceDate "2023.11.12"]
[SourceVersion "1"]
[SourceVersionDate "2023.11.12"]
[SourceQuality "1"]

1. d4 d5 2. c4 e6 3. Nf3 Nf6 4. Nc3 c5 5. cxd5 Nxd5 6. e4 Nxc3 7. bxc3 cxd4 8. cxd4 Bb4+ 9. Bd2 Bxd2+ 10. Qxd2 0-0 11. Be2 b6 12. 0-0 Bb7 13. Qe3 Nc6 14. Rfd1 Qf6 15. Rac1 Rac8 16. e5 Qe7 17. Ng5 Nb4 18. a3 Nd5 19. Qg3 Rxc1 20. Rxc1 Rc8 21. Rxc8+ Bxc8 22. Ne4 Qc7 23. h4 Qc1+ 24. Kh2 Qf4 25. Nf6+ Kh8 26. Nxd5 Qxg3+ 27. Kxg3 exd5 28. Bb5 Kg8 29. Bc6 Be6 30. Kf4 Kf8 31. Ke3 Ke7 32. f4 f6 33. g3 g6 34. Kd3 h6 35. Kc3 a5 36. Kb3 fxe5 37. dxe5 Kd8 38. Kc3 Kc7 39. Be8 Bf5 40. Kd4 Be4 41. Bb5 Kb7 42. e6 1-0

[Event "Titled Tuesday intern op 26th Sep Late"]
[Site "Chess.com INT"]
[Date "2023.09.26"]
[Round "2"]
[White "Almedina Ortiz, Edgardo J"]
[Black "Shubenkova, Veronika"]
[Result "0-1"]
[WhiteElo "2158"]
[BlackElo "2007"]
[PlyCount "86"]
[EventDate "2023.09.26"]
[EventType "swiss (blitz)"]
[EventRounds "11"]
[EventCountry "USA"]
[SourceTitle "EXT 2024"]
[Source "ChessBase"]
[SourceDate "2023.10.10"]
[SourceVersion "1"]
[SourceVersionDate "2023.10.10"]
[SourceQuality "1"]

1. d4 d5 2. c4 e6 3. Nc3 f5 4. cxd5 exd5 5. Bf4 c6 6. e3 Nf6 7. Bd3 Bd6 8. Bxd6 Qxd6 9. f4 Qe7 10. Qe2 Ng4 11. Nd1 0-0 12. Nf3 Be6 13. h3 Nf6 14. Nc3 Nbd7 15. 0-0 Ne4 16. Bxe4 fxe4 17. Ne5 Nxe5 18. fxe5 b6 19. a3 c5 20. Nb5 h6 21. Nd6 Qg5 22. Kh2 a6 23. Rac1 c4 24. a4 Bd7 25. a5 bxa5 26. Rxf8+ Rxf8 27. Ra1 a4 28. Ra3 Rb8 29. Ra1 Rf8 30. Rc1 h5 31. Re1 h4 32. Kh1 Qg3 33. Rf1 Rb8 34. Qf2 Qxf2 35. Rxf2 Be6 36. Re2 Rb3 37. Kh2 a3 38. bxa3 Rxa3 39. Nb7 Bd7 40. Nc5 Bb5 41. Rf2 Rxe3 42. e6 c3 43. e7 Re1 0-1

[Event "Titled Tuesday intern op 26th Sep Late"]
[Site "Chess.com INT"]
[Date "2023.09.26"]
[Round "7"]
[White "Almedina Ortiz, Edgardo J"]
[Black "Smieszek, Wojciech"]
[Result "0-1"]
[WhiteElo "2158"]
[BlackElo "2118"]
[PlyCount "102"]
[EventDate "2023.09.26"]
[EventType "swiss (blitz)"]
[EventRounds "11"]
[EventCountry "USA"]
[SourceTitle "EXT 2024"]
[Source "ChessBase"]
[SourceDate "2023.10.10"]
[SourceVersion "1"]
[SourceVersionDate "2023.10.10"]
[SourceQuality "1"]

1. d4 Nf6 2. c4 c5 3. d5 e6 4. Nc3 exd5 5. cxd5 d6 6. e4 g6 7. h3 Bg7 8. Nf3 0-0 9. Bd3 b5 10. Nxb5 Re8 11. Nd2 Nxe4 12. Bxe4 f5 13. 0-0 fxe4 14. Nc4 Ba6 15. Ncxd6 Be5 16. Nxe8 Bxb5 17. Qb3 Bxe8 18. d6+ Bf7 19. Qb7 Nd7 20. Rd1 Bd4 21. Qxe4 Nf6 22. Qh4 Qxd6 23. Bg5 Rd8 24. Rxd4 Qxd4 25. Qxd4 cxd4 26. Bxf6 Rd6 27. Be5 Rd5 28. f4 d3 29. Kf2 Rd7 30. b3 a5 31. Ke3 h5 32. Rd1 g5 33. Rxd3 gxf4+ 34. Bxf4 Re7+ 35. Kd4 Bg6 36. Re3 Rd7+ 37. Kc5 Kf7 38. Be5 Rd2 39. Bc3 Rxa2 40. g4 h4 41. Be1 Rc2+ 42. Kb5 Rb2 43. Kxa5 Bc2 44. Kb4 Rb1 45. Bxh4 Kg6 46. Be7 Rh1 47. h4 Bd1 48. h5+ Kf7 49. h6 Bxg4 50. Bg5 Rh5 51. Bf4 Rh4 0-1

[Event "Titled Tuesday intern op 26th Sep Late"]
[Site "Chess.com INT"]
[Date "2023.09.26"]
[Round "6"]
[White "Antova, Gabriela"]
[Black "Almedina Ortiz, Edgardo J"]
[Result "0-1"]
[WhiteElo "2223"]
[BlackElo "2158"]
[PlyCount "90"]
[EventDate "2023.09.26"]
[EventType "swiss (blitz)"]
[EventRounds "11"]
[EventCountry "USA"]
[SourceTitle "EXT 2024"]
[Source "ChessBase"]
[SourceDate "2023.10.10"]
[SourceVersion "1"]
[SourceVersionDate "2023.10.10"]
[SourceQuality "1"]

1. d4 d5 2. c4 e6 3. Nf3 Nf6 4. Qc2 Bb4+ 5. Nbd2 0-0 6. g3 b6 7. Bg2 Bb7 8. 0-0 dxc4 9. Nxc4 Be4 10. Qb3 Be7 11. Rd1 Qc8 12. Bf4 Qb7 13. Rac1 Nbd7 14. Ne1 Bxg2 15. Nxg2 Nd5 16. Na5 Qa6 17. Nc6 Qxe2 18. Ne3 N7f6 19. Nxe7+ Nxe7 20. Bxc7 Ned5 21. Be5 Rac8 22. Re1 Qf3 23. Nxd5 Qxd5 24. Bxf6 Qxb3 25. axb3 gxf6 26. Rc4 Rfd8 27. Rec1 Rxc4 28. Rxc4 Kf8 29. Kg2 Ke7 30. Kf3 Kd6 31. Ke3 Rd7 32. d5 Kxd5 33. Rh4 Rc7 34. Kd3 e5 35. Rxh7 Ke6 36. Rh4 Rd7+ 37. Ke3 Rd1 38. Rc4 Rb1 39. Rc2 f5 40. f3 f6 41. Rd2 a5 42. h4 b5 43. Kd3 a4 44. bxa4 bxa4 45. Kc3 Rg1 0-1

[Event "Titled Tuesday intern op 26th Sep Late"]
[Site "Chess.com INT"]
[Date "2023.09.26"]
[Round "4"]
[White "Wisniowski, Natalie"]
[Black "Almedina Ortiz, Edgardo J"]
[Result "0-1"]
[WhiteElo "1896"]
[BlackElo "2158"]
[PlyCount "72"]
[EventDate "2023.09.26"]
[EventType "swiss (blitz)"]
[EventRounds "11"]
[EventCountry "USA"]
[SourceTitle "EXT 2024"]
[Source "ChessBase"]
[SourceDate "2023.10.10"]
[SourceVersion "1"]
[SourceVersionDate "2023.10.10"]
[SourceQuality "1"]

1. e4 e5 2. Nf3 Nc6 3. d4 exd4 4. Nxd4 Bb4+ 5. c3 Bc5 6. Be3 Bb6 7. Bc4 Nge7 8. 0-0 0-0 9. Nd2 Nxd4 10. Bxd4 Bxd4 11. cxd4 d5 12. exd5 Nxd5 13. Nf3 c6 14. Rc1 Nb6 15. Bd3 Be6 16. Qc2 g6 17. Rcd1 Bd5 18. Ne5 Kg7 19. Qd2 Qh4 20. Be2 Rad8 21. Ng4 Nc4 22. Qf4 f5 23. Bxc4 fxg4 24. Qe5+ Qf6 25. Bxd5 Rxd5 26. Qe4 h5 27. Qe3 Rf7 28. Rfe1 Rfd7 29. Qe8 Rxd4 30. Rxd4 Qxd4 31. Re7+ Rxe7 32. Qxe7+ Kh6 33. Qf8+ Qg7 34. Qf4+ Kh7 35. Qd2 Qe7 36. Qc2 Qe1# 0-1

[Event "PUR-ch"]
[Site "San Juan"]
[Date "2023.09.02"]
[Round "7"]
[White "Burgos Rodriguez, Edison"]
[Black "Almedina Ortiz, Edgardo J"]
[Result "0-1"]
[WhiteElo "1840"]
[BlackElo "2156"]
[PlyCount "94"]
[EventDate "2023.08.25"]
[EventType "swiss"]
[EventRounds "9"]
[EventCountry "PUR"]
[SourceTitle "EXT 2024"]
[Source "ChessBase"]
[SourceDate "2023.10.10"]
[SourceVersion "1"]
[SourceVersionDate "2023.10.10"]
[SourceQuality "1"]

1. e4 e5 2. Nf3 Nc6 3. c3 Nf6 4. d4 Nxe4 5. d5 Ne7 6. Nxe5 Ng6 7. Bd3 Nf6 8. Qe2 Nxe5 9. Qxe5+ Qe7 10. Qxe7+ Bxe7 11. c4 c6 12. dxc6 dxc6 13. Nc3 Be6 14. a3 Nd7 15. b3 0-0-0 16. Bc2 Nc5 17. Bb2 Nd3+ 18. Bxd3 Rxd3 19. Ke2 Rhd8 20. Rhd1 Bf5 21. Rxd3 Bxd3+ 22. Ke1 Bg5 23. f3 Bc2 24. Ne4 Bxe4 25. fxe4 Rd2 26. Bxg7 Rxg2 27. Bd4 Rxh2 28. Rd1 Rh3 29. Ke2 Rxb3 30. Bxa7 Rxa3 31. Bb6 Rb3 32. c5 Re3+ 33. Kf2 Rxe4 34. Ra1 Rf4+ 35. Kg2 Rf5 36. Ra8+ Kd7 37. Rb8 Be3 38. Rxb7+ Ke6 39. Rc7 Kd5 40. Rd7+ Kc4 41. Rd6 Kb5 42. Kg3 h5 43. Kh4 Bxc5 44. Bxc5 Kxc5 45. Rd8 Kb4 46. Rc8 c5 47. Rb8+ Kc3 0-1

[Event "PUR-ch"]
[Site "San Juan"]
[Date "2023.08.27"]
[Round "4"]
[White "Almedina Ortiz, Edgardo J"]
[Black "Zilleruelo Irizarry, Diego"]
[Result "1/2-1/2"]
[WhiteElo "2156"]
[BlackElo "2121"]
[PlyCount "113"]
[EventDate "2023.08.25"]
[EventType "swiss"]
[EventRounds "9"]
[EventCountry "PUR"]
[SourceTitle "EXT 2024"]
[Source "ChessBase"]
[SourceDate "2023.10.10"]
[SourceVersion "1"]
[SourceVersionDate "2023.10.10"]
[SourceQuality "1"]

1. Nf3 Nf6 2. c4 e6 3. b3 d5 4. Bb2 Be7 5. g3 Nbd7 6. Bg2 c6 7. 0-0 0-0 8. d4 b6 9. Nc3 Bb7 10. Nd2 c5 11. cxd5 exd5 12. Nf3 Rc8 13. Rc1 Re8 14. Qc2 Ne4 15. Qb1 Bf6 16. Rc2 cxd4 17. Nxe4 dxe4 18. Nxd4 Rxc2 19. Qxc2 Qb8 20. Nf5 Bxb2 21. Qxb2 Re5 22. Rd1 Rxf5 23. Rxd7 Rd5 24. Rxd5 Bxd5 25. Qd4 Qa8 26. a3 Bxb3 27. Bxe4 Qe8 28. Bd3 h6 29. h4 Ba4 30. h5 Bb5 31. Qd5 Bxd3 32. exd3 b5 33. Qb7 a5 34. Kg2 Qe5 35. Qa8+ Kh7 36. Qxa5 Qd5+ 37. Kg1 Qxd3 38. Qe1 Qxa3 39. Qb1+ Kg8 40. Qxb5 Qf3 41. Qb8+ Kh7 42. Qb1+ f5 43. Qc2 Qxh5 44. Qd3 Qg4 45. Qd6 h5 46. Qe7 Kh6 47. Qe6+ Kh7 48. Qe7 f4 49. Qe4+ Kh6 50. Qc6+ g6 51. Qc3 h4 52. Qh8+ Kg5 53. Qd8+ Kh5 54. Qh8+ Kg5 55. Qd8+ Kh5 56. Qh8+ Kg5 57. Qd8+ 1/2-1/2

[Event "Caribean-chT 24th"]
[Site "San Salvador"]
[Date "2023.07.06"]
[Round "11.1"]
[White "Almedina Ortiz, Edgardo J"]
[Black "Johnson, Joshua"]
[Result "0-1"]
[WhiteElo "2217"]
[BlackElo "2271"]
[PlyCount "50"]
[EventDate "2023.07.06"]
[EventType "tourn"]
[EventRounds "15"]
[EventCountry "ESA"]
[SourceTitle "CBM 215 Extra"]
[Source "ChessBase"]
[SourceDate "2023.09.30"]
[SourceVersion "1"]
[SourceVersionDate "2023.09.30"]
[SourceQuality "1"]
[WhiteTeam "Puerto Rico"]
[BlackTeam "Trinidad and Tobago"]
[WhiteTeamCountry "PUR"]
[BlackTeamCountry "TRI"]

1. d4 Nf6 2. c4 e6 3. Nc3 Bb4 4. Qc2 0-0 5. a3 Bxc3+ 6. Qxc3 d5 7. Nf3 c5 8. dxc5 Ne4 9. Qc2 a5 10. Bf4 Nd7 11. Bd6 Re8 12. cxd5 exd5 13. e3 b6 14. c6 Nxd6 15. cxd7 Bxd7 16. Bd3 Rc8 17. Qb3 Be6 18. Nd4 Qg5 19. g3 Bh3 20. Bc2 Nc4 21. Qd3 Nxe3 22. Qxh7+ Kf8 23. Qh8+ Ke7 24. Qxh3 Rh8 25. Nf5+ Kf6 0-1

[Event "Caribean-chT 24th"]
[Site "San Salvador"]
[Date "2023.07.06"]
[Round "15.1"]
[White "Almedina Ortiz, Edgardo J"]
[Black "Mathurin, Nathaniel"]
[Result "0-1"]
[WhiteElo "2217"]
[BlackElo "1949"]
[PlyCount "78"]
[EventDate "2023.07.06"]
[EventType "tourn"]
[EventRounds "15"]
[EventCountry "ESA"]
[SourceTitle "CBM 215 Extra"]
[Source "ChessBase"]
[SourceDate "2023.09.30"]
[SourceVersion "1"]
[SourceVersionDate "2023.09.30"]
[SourceQuality "1"]
[WhiteTeam "Puerto Rico"]
[BlackTeam "Santa Lucia"]
[WhiteTeamCountry "PUR"]
[BlackTeamCountry "SLU"]

1. d4 Nf6 2. c4 e6 3. Nc3 Bb4 4. Qc2 0-0 5. a3 Bxc3+ 6. Qxc3 b6 7. Bg5 Bb7 8. f3 h6 9. Bh4 d5 10. cxd5 Bxd5 11. e3 c5 12. Rd1 cxd4 13. Rxd4 Qc8 14. Ne2 Nbd7 15. e4 Bb7 16. Rc4 Qe8 17. Bg3 Ba6 18. Rc7 Nc5 19. Nd4 Bxf1 20. Kxf1 e5 21. Nf5 Qb5+ 22. Kf2 Nfxe4+ 23. fxe4 Nxe4+ 24. Kf3 Nxc3 25. bxc3 Qd3+ 26. Ne3 Rfc8 27. Rd1 Qg6 28. Rdd7 Rxc7 29. Rxc7 f6 30. Bf2 Rd8 31. Rxa7 Rd3 32. c4 f5 33. Ke2 f4 34. Nd5 Qe4+ 35. Be3 Rxe3+ 36. Nxe3 Qxe3+ 37. Kf1 e4 38. a4 f3 39. gxf3 exf3 0-1

[Event "Caribean-chT Rapid 24th"]
[Site "San Salvador"]
[Date "2023.07.04"]
[Round "8.1"]
[White "Baules Rodriguez, Jorge Luis"]
[Black "Almedina Ortiz, Edgardo J"]
[Result "1-0"]
[WhiteElo "2343"]
[BlackElo "2178"]
[PlyCount "75"]
[EventDate "2023.07.03"]
[EventType "tourn (rapid)"]
[EventRounds "15"]
[EventCountry "ESA"]
[SourceTitle "CBM 215 Extra"]
[Source "ChessBase"]
[SourceDate "2023.09.30"]
[SourceVersion "1"]
[SourceVersionDate "2023.09.30"]
[SourceQuality "1"]
[WhiteTeam "Panama"]
[BlackTeam "Puerto Rico"]
[WhiteTeamCountry "PAN"]
[BlackTeamCountry "PUR"]

1. e4 c5 2. Nf3 Nc6 3. d4 cxd4 4. Nxd4 g6 5. c4 Bg7 6. Be3 Nf6 7. Nc3 0-0 8. Be2 d6 9. 0-0 Bd7 10. Qd2 Nxd4 11. Bxd4 Bc6 12. f3 a5 13. b3 Nd7 14. Be3 Nc5 15. Rab1 Qb6 16. Rfc1 Rfc8 17. Rc2 Qd8 18. Bf1 h5 19. g3 Kh7 20. Bh3 Rcb8 21. Rd1 Qf8 22. Bg2 Rd8 23. Qf2 Qh8 24. Ne2 Rac8 25. Nd4 Be8 26. Rcd2 Bh6 27. Bxh6 Kxh6 28. Qe3+ Kh7 29. f4 e5 30. Nf3 Bc6 31. Ng5+ Kg8 32. Qxc5 exf4 33. Qf2 Qe5 34. Qxf4 Qe7 35. Bh3 Ra8 36. Rxd6 Rxd6 37. Rxd6 a4 38. Nxf7 1-0

[Event "Caribean-chT Rapid 24th"]
[Site "San Salvador"]
[Date "2023.07.04"]
[Round "10.1"]
[White "Urbina, Ricardo"]
[Black "Almedina Ortiz, Edgardo J"]
[Result "1-0"]
[WhiteElo "2237"]
[BlackElo "2178"]
[PlyCount "65"]
[EventDate "2023.07.03"]
[EventType "tourn (rapid)"]
[EventRounds "15"]
[EventCountry "ESA"]
[SourceTitle "CBM 215 Extra"]
[Source "ChessBase"]
[SourceDate "2023.09.30"]
[SourceVersion "1"]
[SourceVersionDate "2023.09.30"]
[SourceQuality "1"]
[WhiteTeam "Honduras"]
[BlackTeam "Puerto Rico"]
[WhiteTeamCountry "HON"]
[BlackTeamCountry "PUR"]

1. e4 e5 2. Nc3 Nf6 3. f4 d5 4. fxe5 Nxe4 5. Nf3 Bc5 6. d4 Bb4 7. Bd2 c5 8. Bb5+ Nc6 9. 0-0 0-0 10. Bxc6 bxc6 11. Qe2 Bf5 12. a3 Bxc3 13. Bxc3 Qb6 14. Kh1 cxd4 15. Nxd4 Nxc3 16. bxc3 Be4 17. Qg4 Qc5 18. Qg3 Rae8 19. Rf2 Bg6 20. h4 Qb6 21. Raf1 c5 22. Nf5 Qe6 23. h5 Bxf5 24. Rxf5 g6 25. Qg5 Qe7 26. hxg6 hxg6 27. Qg3 Kh7 28. Rg5 Rh8 29. Kg1 c4 30. Rf2 Rb8 31. Qh4+ Kg8 32. Rxg6+ fxg6 33. Qxe7 1-0

[Event "Caribean-chT Rapid 24th"]
[Site "San Salvador"]
[Date "2023.07.03"]
[Round "5.1"]
[White "Almedina Ortiz, Edgardo J"]
[Black "Araujo Sanchez, Josue"]
[Result "1-0"]
[WhiteElo "2178"]
[BlackElo "2237"]
[PlyCount "171"]
[EventDate "2023.07.03"]
[EventType "tourn (rapid)"]
[EventRounds "15"]
[EventCountry "ESA"]
[SourceTitle "CBM 215 Extra"]
[Source "ChessBase"]
[SourceDate "2023.09.30"]
[SourceVersion "1"]
[SourceVersionDate "2023.09.30"]
[SourceQuality "1"]
[WhiteTeam "Puerto Rico"]
[BlackTeam "Dominican Republic"]
[WhiteTeamCountry "PUR"]
[BlackTeamCountry "DOM"]

1. d4 Nf6 2. c4 e6 3. Nc3 Bb4 4. Qc2 c5 5. dxc5 Bxc5 6. Nf3 Qb6 7. e3 0-0 8. Be2 Be7 9. 0-0 d5 10. cxd5 exd5 11. Rd1 Nc6 12. b3 Be6 13. Bb2 Rac8 14. Rac1 Rfd8 15. Qb1 Qa5 16. h3 a6 17. Na4 Ne4 18. Nd4 Nxd4 19. Bxd4 Rxc1 20. Rxc1 Rc8 21. Rxc8+ Bxc8 22. Qc1 Be6 23. Bb6 Qb4 24. Bd4 b5 25. Nc3 h6 26. Bd3 Nd6 27. Ne2 Nf5 28. Bc3 Qc5 29. Bb2 Qxc1+ 30. Nxc1 Bd6 31. Ne2 Bd7 32. Nd4 Ne7 33. Kf1 f6 34. Ke2 g5 35. g4 Be5 36. Ba3 Kf7 37. Bc5 Bc7 38. Kd2 Ng6 39. Bf5 Ne5 40. Bb4 Bb6 41. Bxd7 Nxd7 42. Nf5 Ne5 43. Nxh6+ Ke6 44. Nf5 Nf3+ 45. Kd3 a5 46. Bc3 b4 47. Bd4 Bc7 48. Bc5 Ne5+ 49. Ke2 Ng6 50. Bd4 Bd8 51. Bc5 Bc7 52. Nd4+ Kd7 53. Nc2 Ke6 54. Ne1 Kd7 55. Bd4 Ke6 56. Nd3 Ke7 57. f3 Ke6 58. Nc5+ Ke7 59. Nd3 Ke6 60. Bb2 Bb6 61. a3 bxa3 62. Bxa3 Bc7 63. Nc5+ Kf7 64. Bb2 Ne7 65. Nd7 Ng8 66. Bc3 Ke7 67. Nc5 Kd6 68. Nb7+ Kc6 69. Nxa5+ Kb5 70. b4 d4 71. exd4 Ne7 72. Kd3 Nd5 73. Bd2 Bf4 74. Nb3 Kc6 75. Nc5 Bxd2 76. Kxd2 Nxb4 77. Ne4 Nd5 78. Nc3 Nf4 79. Ke3 Kd6 80. Ke4 Ke6 81. h4 f5+ 82. gxf5+ Kf6 83. hxg5+ Kxg5 84. d5 Nh5 85. Ke5 Kh6 86. d6 1-0

[Event "Caribean-chT Rapid 24th"]
[Site "San Salvador"]
[Date "2023.07.03"]
[Round "2.1"]
[White "Christie, Joshua"]
[Black "Almedina Ortiz, Edgardo J"]
[Result "1-0"]
[WhiteElo "2185"]
[BlackElo "2178"]
[PlyCount "73"]
[EventDate "2023.07.03"]
[EventType "tourn (rapid)"]
[EventRounds "15"]
[EventCountry "ESA"]
[SourceTitle "CBM 215 Extra"]
[Source "ChessBase"]
[SourceDate "2023.09.30"]
[SourceVersion "1"]
[SourceVersionDate "2023.09.30"]
[SourceQuality "1"]
[WhiteTeam "Jamaica"]
[BlackTeam "Puerto Rico"]
[WhiteTeamCountry "JAM"]
[BlackTeamCountry "PUR"]

1. d4 Nf6 2. c4 e6 3. Nc3 d5 4. cxd5 Nxd5 5. e4 Nxc3 6. bxc3 c5 7. Nf3 cxd4 8. cxd4 Bb4+ 9. Bd2 Bxd2+ 10. Qxd2 0-0 11. Bc4 Nd7 12. 0-0 b6 13. Rad1 Bb7 14. Rfe1 Rc8 15. Bb3 Re8 16. Qf4 Qc7 17. Qxc7 Rxc7 18. d5 exd5 19. exd5 Rcc8 20. d6 Nc5 21. Re7 Rf8 22. Ne5 Nxb3 23. Rxb7 Nc5 24. Rxa7 f6 25. d7 fxe5 26. dxc8Q Rxc8 27. h3 h6 28. Rd6 Ne4 29. Rg6 Rc1+ 30. Kh2 Nxf2 31. Rgxg7+ Kh8 32. Rh7+ Kg8 33. Rhg7+ Kh8 34. Rge7 Rh1+ 35. Kg3 Ne4+ 36. Kh4 Nf6 37. Rf7 1-0

[Event "Titled Tuesday intern op 23rd May Late"]
[Site "Chess.com INT"]
[Date "2023.05.23"]
[Round "11"]
[White "Almedina Ortiz, Edgardo J"]
[Black "Mikhalsky, Vladimir"]
[Result "0-1"]
[WhiteElo "2156"]
[BlackElo "2219"]
[PlyCount "76"]
[EventDate "2023.05.23"]
[EventType "swiss (blitz)"]
[EventRounds "11"]
[EventCountry "USA"]
[SourceTitle "EXT 2024"]
[Source "ChessBase"]
[SourceDate "2023.10.10"]
[SourceVersion "1"]
[SourceVersionDate "2023.10.10"]
[SourceQuality "1"]

1. d4 Nf6 2. c4 g6 3. Nc3 Bg7 4. e4 0-0 5. Nf3 d6 6. Be2 e5 7. 0-0 Nc6 8. d5 Ne7 9. Ne1 Nd7 10. Be3 f5 11. f3 f4 12. Bf2 g5 13. a4 a5 14. Nd3 b6 15. b4 axb4 16. Nxb4 Nc5 17. a5 bxa5 18. Nc6 Nxc6 19. dxc6 Ne6 20. c5 dxc5 21. Bc4 Kh8 22. Qxd8 Rxd8 23. Nd5 Ba6 24. Rfc1 Bxc4 25. Rxc4 Rd6 26. Ne7 Bf8 27. Nf5 Rxc6 28. Raa4 Rb6 29. h3 Rb4 30. Be1 Rxc4 31. Rxc4 a4 32. Bc3 Bd6 33. Nh6 Kg7 34. Ng4 Nd4 35. Nxe5 Bxe5 36. Rxc5 Ne2+ 37. Kf2 Nxc3 38. Rxe5 a3 0-1

[Event "Titled Tuesday intern op 23rd May Late"]
[Site "Chess.com INT"]
[Date "2023.05.23"]
[Round "10"]
[White "D'Arruda, Ricardo D"]
[Black "Almedina Ortiz, Edgardo J"]
[Result "1-0"]
[WhiteElo "2271"]
[BlackElo "2156"]
[PlyCount "73"]
[EventDate "2023.05.23"]
[EventType "swiss (blitz)"]
[EventRounds "11"]
[EventCountry "USA"]
[SourceTitle "EXT 2024"]
[Source "ChessBase"]
[SourceDate "2023.10.10"]
[SourceVersion "1"]
[SourceVersionDate "2023.10.10"]
[SourceQuality "1"]

1. d4 d5 2. Nf3 Nf6 3. c4 e6 4. Nc3 c5 5. e3 cxd4 6. exd4 Be7 7. Bd3 0-0 8. 0-0 dxc4 9. Bxc4 b6 10. Qe2 Bb7 11. Rd1 Nbd7 12. Bg5 Rc8 13. Bb3 Re8 14. Ne5 Nd5 15. Bxe7 Rxe7 16. Rac1 Nxc3 17. bxc3 Nxe5 18. Qxe5 Rec7 19. c4 Qf6 20. Qxf6 gxf6 21. Rc3 Rd8 22. Rcc1 Rcd7 23. c5 Rxd4 24. Rxd4 Rxd4 25. cxb6 axb6 26. h3 Rd7 27. Ba4 Re7 28. Kf1 Bd5 29. Rc2 Ra7 30. Bb3 Bxb3 31. axb3 Ra1+ 32. Ke2 Rb1 33. Rc3 Rb2+ 34. Ke3 Kg7 35. g3 f5 36. f4 Kf6 37. Kd4 1-0

[Event "Titled Tuesday intern op 23rd May Late"]
[Site "Chess.com INT"]
[Date "2023.05.23"]
[Round "9"]
[White "Vaglio Munoz, Jaime"]
[Black "Almedina Ortiz, Edgardo J"]
[Result "0-1"]
[WhiteElo "2174"]
[BlackElo "2156"]
[PlyCount "52"]
[EventDate "2023.05.23"]
[EventType "swiss (blitz)"]
[EventRounds "11"]
[EventCountry "USA"]
[SourceTitle "EXT 2024"]
[Source "ChessBase"]
[SourceDate "2023.10.10"]
[SourceVersion "1"]
[SourceVersionDate "2023.10.10"]
[SourceQuality "1"]

1. e4 c5 2. Nf3 Nc6 3. d4 cxd4 4. Nxd4 g6 5. c4 Bg7 6. Nc2 Nf6 7. Nc3 0-0 8. Be3 d6 9. Be2 Be6 10. 0-0 Rc8 11. Rc1 a6 12. b3 Qa5 13. Nd5 Nxe4 14. b4 Qxa2 15. Nd4 Bxd5 16. Rc2 Qa4 17. cxd5 Nxd4 18. Rxc8 Nxe2+ 19. Qxe2 Rxc8 20. Qg4 Rc4 21. Qe2 Qc2 22. Qg4 Nd2 23. Qd7 Bf8 24. Qe8 Rc8 25. Qd7 Nxf1 26. Kxf1 Qd1# 0-1

[Event "Titled Tuesday intern op 09th May Late"]
[Site "Chess.com INT"]
[Date "2023.05.09"]
[Round "6"]
[White "Almedina Ortiz, Edgardo J"]
[Black "Ardila, Oscar Humberto"]
[Result "0-1"]
[WhiteElo "2156"]
[BlackElo "1982"]
[PlyCount "84"]
[EventDate "2023.05.09"]
[EventType "swiss (blitz)"]
[EventRounds "11"]
[EventCountry "USA"]
[SourceTitle "CBM 214 Extra"]
[Source "ChessBase"]
[SourceDate "2023.07.31"]
[SourceVersion "1"]
[SourceVersionDate "2023.07.31"]
[SourceQuality "1"]

1. d4 Nf6 2. c4 g6 3. Nc3 Bg7 4. e4 d6 5. Nf3 0-0 6. Be2 Nbd7 7. 0-0 e5 8. d5 Nc5 9. Qc2 a5 10. Ne1 c6 11. Be3 cxd5 12. cxd5 Bd7 13. Nd3 Ncxe4 14. Nxe4 Nxe4 15. Nxe5 Bxe5 16. Qxe4 Bxb2 17. Qf4 Qf6 18. Rab1 Bf5 19. Rxb2 Qxb2 20. Bc4 Qe5 21. Qh4 Qe4 22. Qf6 Qe5 23. Qh4 f6 24. Bd4 Qe4 25. Bxf6 Qxh4 26. Bxh4 Rac8 27. Bb5 Rc5 28. a4 Rf7 29. Bg3 Rf6 30. Re1 Kf7 31. Bh4 Bc2 32. Be8+ Kg7 33. Re7+ Kf8 34. Bxf6 Bxa4 35. Re1 Bxe8 36. Be7+ Kf7 37. Bxd6 Rxd5 38. Bf4 Bc6 39. h4 a4 40. Be5 a3 41. Bc3 Rd3 42. Bb4 a2 0-1